00858 2200289 4500001002100000005001500021007000300036008004100039020002200080035002000102040001700122041000800139082000600147084001200153090001700165100002600182245014700208250001200355264005000367300003600417336002100453337003000474338002300504650001500527850001000542990001600552INLIS00000000000651620260412084425ta260412 0  a978-979-008-680-7 a0010-0422000121 aSBPUPADbind0 aind aR aR SUH p aR SUH p L1-20 aSuharyantoePengarang1 aPerluasan Dan Penyesuaian Notasi DDC Untuk Wilayah Indonesia /cSuharyanto ;Pengarang,Ina Irawati,Hendra Darmaiwan;Penyunting ,Achmad Masykuri a.-Ed. 4 a.--Jakarta :bPerpustakaan Nasional RI,c2019 avi, 178 Hal. :billus. ;c21 cm 2rdacontentaTeks 2rdamediaaTanpa Perantara 2rdacarrieravolume 4aNotasi DDC aPUPAD a00000016634